1270 1596 1813 1265 1011 1012 1703 1826 1678 1404 1573 1680 1614 1535 1581 1287 1535 1886 1366 1066 1340 1530 1201 1323 1974 1450 1754 1515 1967 1591 1219 1398 1761 1102 1436 1504 1247 1819 1390 1327 1870 1911 1907 1991 1476 1420 1459 1450 1102 1346 1721 1314 1885 1416 1274 1639 1520 1767 1976 1298 1339 1147 1537 1018 1149 1178 1215 1838 1626 1374 1997 1044 1563 1942 1569 1991 1960 1708 1735 1136 1091 1755 1809 1407 1847 1334 1795 1359 1190 1896 1542 1669 1022 1998 1102 1643 1449 1502 1991 BCNSPRNW ULIB Ver.6.0+V

เปลี่ยนเป็นภาษาไทย

Change to English
 แสดงรายละเอียดบรรณานุกรม
  กลับหน้าหลัก

Brief Record : Get Marc (ISO 2709) : E-mail record : QR code < ปิดหน้าต่าง
LEADER : 00000nam 2200000uu 4500
001    13399128890
003     ULIB
008    241024s2023||||th 000 0 tha d
020    ^a9780323790185
060 04 ^aQZ4^bR632
245 00 ^aRobbins and Kumar basic pathology /^cedited by Vinay Kumar,Abul K. Abbas, Jon C. Aster, Andrea T. Deyrup, and AbhijitDas
246 1  ^aRobbins & Kumar basic pathology
246 30 ^aBasic pathology
250    ^aEleventh edition
260    ^aPhiladelphia, PA :^bElsevier,^c2023
300    ^aix, 828 p. :^bill. ;^c29 cm.
504    ^aIncludes bibliographical references and index
650  2 ^aPathology
700 1  ^aKumar, Vinay,^eeditor
700 1  ^aAbbas, Abul K.,^eeditor
700 1  ^aAster, Jon C.,^eeditor
700 1  ^aDeyrup, Andrea T.,^eeditor
700 1  ^aDas, Abhijit,^eeditor
945    ^p3094^l0^i011137
999    ^aประนอม เกษจรัล
รายการนี้ยังไม่มีแท็ก
คุณยังไม่ได้ล็อกอิน คุณสามารถมีกิจกรรมร่วมกับเว็บไซต์ได้ แต่ต้องล็อกอินก่อน ::
  ล็อกอิน

รายการสื่อสารสนเทศ

ลำดับที่ ประเภท เลขเรียก/บาร์โค้ด สถานที่ สถานะ
1. วิทยาศาสตร์การแพทย์ และสุขภาพ
หนังสือสำรอง
สถานะ=หนังสือสำรอง
QZ4 R632 ฉ.1 
  Barcode: 011137
ห้องสมุดวิทยาเขตสวรรค์ประชารักษ์
►หนังสือทั่วไป
บนชั้น

รายการใกล้เคียง
    หัวเรื่อง [Pathology]

BibComment


ยังไม่เคยถูกคอมเมนท์

คอมเมนท์ทรัพยากรรายการนี้
  คอมเมนท์: Robbins and Kuma..


 Copyright 2026. Bcnsprnw @Library